The Leadership experience / (Record no. 21425)

000 -LEADER
fixed length control field 01309cam a2200301 a 4500
001 - CONTROL NUMBER
control field 15992631
003 - CONTROL NUMBER IDENTIFIER
control field OSt
005 - DATE AND TIME OF LATEST TRANSACTION
control field 20170121122028.0
008 - FIXED-LENGTH DATA ELEMENTS--GENERAL INFORMATION
fixed length control field 091123s2011 at a b 001 0 eng
010 ## - LIBRARY OF CONGRESS CONTROL NUMBER
LC control number 2009942042
020 ## - INTERNATIONAL STANDARD BOOK NUMBER
International Standard Book Number 9781439042113
020 ## - INTERNATIONAL STANDARD BOOK NUMBER
International Standard Book Number 143904211X
040 ## - CATALOGING SOURCE
Original cataloging agency DLC
Transcribing agency DLC
Modifying agency DLC
050 00 - LIBRARY OF CONGRESS CALL NUMBER
Classification number HD57.7 .D34 2011
100 1# - MAIN ENTRY--PERSONAL NAME
Personal name Daft, Richard L.
Dates associated with a name 2011
245 14 - TITLE STATEMENT
Title The Leadership experience /
Statement of responsibility, etc. Richard L Daft, with the assistance of Patricia G. Lane.
250 ## - EDITION STATEMENT
Edition statement 5e ed.
260 ## - PUBLICATION, DISTRIBUTION, ETC. (IMPRINT)
Place of publication, distribution, etc. Australia ;
-- Mason, OH :
Name of publisher, distributor, etc. South-Western Cengage Learning,
Date of publication, distribution, etc. 2011.
300 ## - PHYSICAL DESCRIPTION
Extent xviii, 507 p. :
Other physical details ill. ;
Dimensions 25 cm.
500 ## - GENERAL NOTE
General note includes bibliographical references and index.
650 #0 - SUBJECT ADDED ENTRY--TOPICAL TERM
Topical term or geographic name as entry element Leadership.
700 1# - ADDED ENTRY--PERSONAL NAME
Personal name Lane, Patricia G.
856 42 - ELECTRONIC LOCATION AND ACCESS
Materials specified Contributor biographical information
Uniform Resource Identifier <a href="http://www.loc.gov/catdir/enhancements/fy1105/2009942042-b.html">http://www.loc.gov/catdir/enhancements/fy1105/2009942042-b.html</a>
856 42 - ELECTRONIC LOCATION AND ACCESS
Materials specified Publisher description
Uniform Resource Identifier <a href="http://www.loc.gov/catdir/enhancements/fy1105/2009942042-d.html">http://www.loc.gov/catdir/enhancements/fy1105/2009942042-d.html</a>
856 41 - ELECTRONIC LOCATION AND ACCESS
Materials specified Table of contents only
Uniform Resource Identifier <a href="http://www.loc.gov/catdir/enhancements/fy1105/2009942042-t.html">http://www.loc.gov/catdir/enhancements/fy1105/2009942042-t.html</a>
906 ## - LOCAL DATA ELEMENT F, LDF (RLIN)
a 7
b ibc
c orignew
d 2
e epcn
f 20
g y-gencatlg
942 ## - ADDED ENTRY ELEMENTS (KOHA)
Source of classification or shelving scheme
Koha item type Hard Covered Materials
Classification part HD57.7 .D34 2011
Call number prefix 27808
Holdings
Withdrawn status Lost status Source of classification or shelving scheme Damaged status Not for loan Home library Current library Shelving location Date acquired Source of acquisition Total Checkouts Full call number Barcode Date last seen Price effective from Koha item type
          MACHAKOS UNIVERSITY LIBRARY MACHAKOS UNIVERSITY LIBRARY Open shelf 21/01/2017 Donation(BFA)   HD57.7 .D34 2011 27808 21/01/2017 21/01/2017 Hard Covered Materials
© Machakos University Library, Along The Highway, Machakos Wote Rd, Machakos, Kenya P.O. Box 136 - 90100 Machakos - Kenya

Tel: ( +254 ) 723 805829 OR Fax : 044-20353 OR Email: library@mksu.ac.ke